00000000nam##2200000za#4500
0019.574299
003CaOODSP
00520210624184121
007cr |||||||||||
008150406|2007||||xxc|||||o    f|0| 0 eng|d
022 |a1488-5379
040 |aCaOODSP|beng
043 |an-cn---
0861 |aFs97-6/2742E-PDF
1101 |aCanada. |bDepartment of Fisheries and Oceans.
24510|aSurvey results of green sea urchin (Strongylocentrotus droebachiensis) populations in Queen Charlotte Strait, British Columbia, October, 2006 / |h[electronic resource]|cby B. J. Waddell and R. I. Perry.
260 |aNanaimo - British Columbia : |bFisheries and Oceans Canada |c2007.
300 |a57p.|bcoloured maps, graphs, references, tables
4901 |aCanadian technical report of fisheries and aquatic sciences|x1488-5379|v2742
500 |aThe catalogue number ([Fs]97-6/2742E) and ISSN (0706-6457) for the print edition have been incorrectly copied in this electronic publication.
546 |a(Résumé en français)
590 |a12-29-Supp|b2012-06-25
7201 |aWaddell, B. J.
7201 |aPerry, R. I.
7760#|tSurvey results of green sea urchin (Strongylocentrotus droebachiensis) populations in Queen Charlotte Strait, British Columbia, October, 2006 / |w(CaOODSP)9.618561
830#0|aCanadian technical report of fisheries and aquatic sciences,|x1488-5379|v2742|w(CaOODSP)9.504449
85640|ahttp://publications.gc.ca|qPDF|s660 KB|uhttps://publications.gc.ca/collections/collection_2012/mpo-dfo/Fs97-6-2742-eng.pdf|y2742